00366nam a2200181Ia 4500003000900000008004100009040001300050040001300063041000800076100002300084245002000107250001100127260001000138260000900148300001100157300001000168490000600178IT-RoPAU120407s9999 xx 000 0 und d aIT-RoPAU cIT-RoPAU aita aLiutprando Filippi aSpiritualità. aPadova aCedam c1943 a250 p. c25 cm v1